|
|
|
|
| LEADER |
01520nab#a2200373#ar4500 |
| 001 |
000090451 |
| 003 |
SVKKK |
| 005 |
20080717085733.0 |
| 008 |
080707d1904 xo |||||||||||||||b|hun |
| FMT |
|
|
|
| 038 |
|
|
|a SVKKK
|
| 040 |
|
|
|a SVKKK
|b slo
|e AACR2
|
| 041 |
0 |
|
|a hun
|
| 044 |
|
|
|a xo
|c SK
|
| 080 |
|
|
|a 353
|2 1997
|
| 080 |
|
|
|a 369.742
|2 1997
|
| 242 |
1 |
0 |
|a Miesto prísediaceho sirotskej stolice
|y slo
|
| 245 |
1 |
3 |
|a Az árvaszéki ülnöki állást
|
| 500 |
|
|
|a Popis z mikrofilmu
|
| 500 |
|
|
|a Dohľadanie
|
| 520 |
2 |
|
|a Správa o vypísaní súbehu na miesto prísediaceho sirotskej stolice Zemplínskej župy. Platové podmienky. Žiadosti na miesto podávať podžupanovi Júliusovi Dókusovi do 3. decembra 1904
|
| 600 |
1 |
4 |
|a Dókus Csabacsüdi, Július
|c Csabai (pseudonym)
|d 1849-1928
|x redaktor, slúžny, notár, podžupan Zemplínskej župy
|z Sátoraljaújhely (Slovensko/Maďarsko)
|x rodák, pôsobenie
|
| 610 |
2 |
4 |
|a Sirotská stolica Zemplínskej župy (Sátoralajaújhely, Slovensko/Maďarsko)
|
| 650 |
0 |
4 |
|a konkurz
|x prísediaci sirotskej stolice (funkcia)
|x termín odovzdania žiadostí
|z Sátoraljaújhely (Slovensko/Maďarsko)
|y 3.11.1904
|
| 655 |
|
4 |
|a hungariká
|
| 773 |
0 |
|
|t Felsőmagyarországi Hirlap : Politikai ujság
|g Roč. 7, č. 80 (12.10.1904) s. 3
|
| 957 |
|
|
|a Sátoraljaújhely
|
| 958 |
|
|
|a DG
|
| 958 |
|
|
|a HU
|
| 974 |
|
|
|a Ba
|
| 992 |
|
|
|a RBX
|
| 997 |
|
|
|a Dókus Csabacsüdi, Gyula p. Dókus, Gyula p. Dókus Csabacsüdi, Július
|d Sátoraljaújhely
|
| BAS |
|
|
|
| 998 |
|
|
|a RETRO
|